Famous classic books Vol.1 - Statistics

General Stats
  • This quiz has been taken 78 times
  • The average score is 8 of 22
Answer Stats
Books Writers % Correct
6 1984 George Orwell
89%
21 The Diary Of Anne Frank Anne Frank
84%
5 Great Expectations Charles Dickens
81%
1 Moby Dick Herman Melville
71%
10 The Picture Of Dorian Grey Oscar Wilde
71%
3 Big Gatsby F. Scott Fitzgerald
65%
16 Les Miserables Victor Hugo
65%
11 Death On The Nile Agatha Cristie
62%
17 The Three Musketeers Alexander Dumas
60%
2 Miss Dalloway Virginia Woolf
52%
8 The Prince Niccolo Machiavelli
44%
7 White Fang Jack London
40%
14 Little Prince Antoine de saint-Exupery
22%
9 The Dream Of A Ridiculous Man Fyodor Dostoevsky
11%
13 Letter To His Father Franz Kafka
8%
18 The Mysterious Island Jules Verne
8%
4 The Bridge Of San Luis Rey Thornton Wilder
3%
12 The Stranger Alber Kamy
2%
22 The Lady Of The Camellias Alexandre Dumas Fils
2%
19 Sans Famille Hektor Malo
2%
15 Ulysses Jeyms Joys
2%
20 The Mother Maxim Gorky
0%
No matching quizzes found
Score Distribution
Percent of People with Each Score
Percentile by Number Answered
Your Score History
You have not taken this quiz